Multiplicacion de las plantas: frutales, forestales, de adorno /

Guardado en:
Autor Principal: Tiscornia, Julio R
Formato: Libro
Publicado: Buenos Aires : Albatros, 1978
Materias:
Etiquetas: Agregar Etiqueta
Sin Etiquetas, Sea el primero en etiquetar este registro!
LEADER 00605nam a22002055a 4500
001 CEM.cems016186
005 20131120151135.0
008 130507s1978##################000#0#####d
003 CEMS
020 |a . 
082 0 4 |a 634.95 
100 1 |a Tiscornia, Julio R 
245 1 0 |a Multiplicacion de las plantas: frutales, forestales, de adorno /  |c Julio R Tiscornia, 
260 |a Buenos Aires :  |b Albatros,  |c 1978 
300 |a 213 p. 
653 |a Injertos frutales 
653 |a Invernáculos 
653 |a Plantas-multiplicaicón 
653 |a Viveros 
859 |a CEMS  |b BIB. CEMS - Agricultura  |h 634.95  |i T524  |p A8607.80  |t Ej.1